000 00445nam a2200133Ia 4500
008 180922s9999 xx 000 0 und d
020 _a9780471749417
100 _aLeonhard,Woody.
245 _cWoody Leonhard.--
_aWindows vista all-in-one desk reference for dummies /
260 _aNew Jersey :
_bWiley Publishing
_c2007
300 _axxiv, 762 pages.
650 _aMicrosoft Windows (Computer file).
650 _aOperating systems (Computers).
999 _c358832
_d358832